000 00389nam a2200145Ia 4500
008 240624s9999 xx 000 0 und d
041 _aeng
082 _a519.5 GRA
100 _aGRAVETTER FREDERICK J
245 _aSTATISTICS FOR THE BEHAVIORAL SCIENCES
250 _a(9th ed.)
260 _c2015
_aNew Delhi
_bCengage Learning
300 _axxi, : 767 : p. : cm. ; 26
365 _cRS
_b31
999 _c25192
_d25192